MERANIE PRESNOSTI KRUHOVEJ INTERPOLÁCIE A PRESNOSTI POLOHOVANIA NA 5 OSOVOM OBRÁBACOM STROJI

Bibliographic Details
Main Authors: Dekan, Jan (Author), Pilc, Jozef, 1947- (Author), Košinár, Matúš (Author)
Format: Article
Language:Slovak

MARC

LEADER 00000nab a2200000 a 4500
001 vtls011119405
003 SK-MaSNL
005 20260303145425.0
008 230222|2011 xo |||||||||||||||||slo|
015 |a SNBRB 
035 |a (uuid)45e7e1c3-69aa-4bea-b5e3-2ed478d63cbb 
035 |a (urnnbn)urn:nbn:sk:snk:ar-a08og3 
035 |a urn:nbn:sk:snk-ab9q1p 
040 |a SNKBUCL  |b slo  |c SNKBUCL  |e AACR2 
041 0 |a slo 
044 |a xo  |c SK 
100 1 |a Dekan, Jan  |4 aut  |9 1165862 
245 1 0 |a MERANIE PRESNOSTI KRUHOVEJ INTERPOLÁCIE A PRESNOSTI POLOHOVANIA NA 5 OSOVOM OBRÁBACOM STROJI  |c Ján Dekan, Jozef Pilc, Matúš Košinár 
246 3 |a MEASURE THE POSITIONING ACCURACY AND CIRCULAR INTERPOLATION ON 5 AXIS MACHINE TOOL 
700 1 |a Pilc, Jozef,  |d 1947-  |4 aut  |9 195927 
700 1 |a Košinár, Matúš  |4 aut  |9 1165770 
773 0 |t Technológ : časopis pre teóriu a prax mechanických technológií  |g Roč. 3, č. Mimoriadne číslo (2011), s. 221-226 
954 |a odborná, vedecká literatúra pôvodná (slovenská)  |2 lita 
958 |a OND 
958 |a EUIPO 
958 |a article13 
999 |c 2002807  |d 2004737